The doula book : (Record no. 30930)

MARC details
000 -LEADER
fixed length control field 01624cam a2200361 a 4500
001 - CONTROL NUMBER
control field z9mscp b6216178
003 - CONTROL NUMBER IDENTIFIER
control field OSt
005 - DATE AND TIME OF LATEST TRANSACTION
control field 20250317102342.0
008 - FIXED-LENGTH DATA ELEMENTS--GENERAL INFORMATION
fixed length control field 070213s2002 maua b 001 0 eng d
020 ## - INTERNATIONAL STANDARD BOOK NUMBER
International Standard Book Number 0738206091
035 ## - SYSTEM CONTROL NUMBER
System control number (Sirsi) i9780738206097
040 ## - CATALOGING SOURCE
Original cataloging agency UOK
Language of cataloging eng
Transcribing agency UOK
Modifying agency SBH
-- SPP
-- OCLCQ
-- MUJ
092 ## - LOCALLY ASSIGNED DEWEY CALL NUMBER (OCLC)
Classification number 618.45
Item number KLA
100 1# - MAIN ENTRY--PERSONAL NAME
Personal name Klaus, Marshall H.,
Dates associated with a name 1927-2017.
Authority record control number https://id.loc.gov/authorities/names/n79065319.
245 14 - TITLE STATEMENT
Title The doula book :
Remainder of title how a trained labor companion can help you have a shorter, easier and healthier birth /
Statement of responsibility, etc. Marshall H. Klaus, John H. Kennell, Phyllis H. Klaus.
246 3# - VARYING FORM OF TITLE
Title proper/short title Shorter, easier and healthier birth.
250 ## - EDITION STATEMENT
Edition statement 2nd ed.
264 #1 - PRODUCTION, PUBLICATION, DISTRIBUTION, MANUFACTURE, AND COPYRIGHT NOTICE
Place of production, publication, distribution, manufacture Reading, Mass. :
Name of producer, publisher, distributor, manufacturer Perseus Books,
Date of production, publication, distribution, manufacture, or copyright notice [2002]
264 #4 - PRODUCTION, PUBLICATION, DISTRIBUTION, MANUFACTURE, AND COPYRIGHT NOTICE
Date of production, publication, distribution, manufacture, or copyright notice ℗♭2002.
300 ## - PHYSICAL DESCRIPTION
Extent ix, 243 pages :
Other physical details illustrations ;
Dimensions 23 cm.
336 ## - CONTENT TYPE
Content type term text
Content type code txt
Source rdacontent.
337 ## - MEDIA TYPE
Media type term unmediated
Media type code n
Source rdamedia.
338 ## - CARRIER TYPE
Carrier type term volume
Carrier type code nc
Source rdacarrier.
500 ## - GENERAL NOTE
General note "Portions of this book appeared in the earlier edition entitled Mothering the mother, published by Addison-Wesley in 1993"--P. [iv].
504 ## - BIBLIOGRAPHY, ETC. NOTE
Bibliography, etc Includes bibliographical references and index.
650 #0 - SUBJECT ADDED ENTRY--TOPICAL TERM
Topical term or geographic name as entry element Doulas.
Authority record control number https://id.loc.gov/authorities/subjects/sh92005410.
650 #0 - SUBJECT ADDED ENTRY--TOPICAL TERM
Topical term or geographic name as entry element Natural childbirth
General subdivision Coaching.
Authority record control number https://id.loc.gov/authorities/subjects/sh89003834.
700 1# - ADDED ENTRY--PERSONAL NAME
Personal name Kennell, John H.,
Dates associated with a name 1922-2013.
Authority record control number https://id.loc.gov/authorities/names/n81090614.
700 1# - ADDED ENTRY--PERSONAL NAME
Personal name Klaus, Phyllis H.
Authority record control number https://id.loc.gov/authorities/names/n85018911.
700 1# - ADDED ENTRY--PERSONAL NAME
Personal name Klaus, Marshall H.,
Dates associated with a name 1927-2017.
Title of a work Mothering the mother.
907 ## - LOCAL DATA ELEMENT G, LDG (RLIN)
a .b455380648
942 ## - ADDED ENTRY ELEMENTS (KOHA)
Koha item type Libro/Book
Holdings
Withdrawn status Lost status Damaged status Not for loan Home library Current library Shelving location Date acquired Inventory number Total Checkouts Full call number Barcode Date last seen Price effective from Koha item type
        San Juan Del Sur -- Mobile San Juan Del Sur -- Mobile English 17/03/2025 Inventory date: 15/5/25   SH 30020156 17/03/2025 17/03/2025 Libro/Book

Powered by Koha